Statistics for glasgow subway stations

Click here to take the quiz!

General Stats

  • This quiz has been taken 154 times
  • The average score is 8 of 14

Answer Stats

HintAnswer% Correct
st enoch
82%
buchanan street
79%
partick
74%
ibrox
70%
govan
70%
hillhead
70%
cowcaddens
61%
kelvinbridge
59%
kelvin hall
57%
st georges cross
49%
cessnock
47%
kinningpark
45%
west street
39%
shields roads
3%

Score Distribution

Percentile by Number Answered

Percent of People with Each Score

Your Score History

You have not taken this quiz